000 00432nam a2200169Ia 4500
008 230711s9999||||xx |||||||||||||| ||und||
020 _a978-93-80016-81-8
041 _aENG
082 _a621.3191
_bAM-P
100 _aAmbikapathy, A
245 0 _aPower System Analysis
250 _a1st Ed.
260 _c2021
_aNew Delhi
_bKhanna Book Publishing Co. (P) Ltd
300 _a284p.
650 _aElectrical Engineering
942 _cBK
999 _c6960
_d6960